00735nam a2200205Ia 4500003000900000008004100009040001600050080002800066110003300094245011500127260005000242300000800292500001900300650002300319650001800342650002100360942000700381999001500388952012600403IN-BaIIA211028s9999 xx 000 0 eng d cIIA Library a083.7:669.71-462.3bISI aIndian Standards Institution 0aIndian standard dimensions for wrought aluminium and aluminium alloys,drawn tubecIndian Standards Institution aNew DelhibIndian Standards Institutionc1972 a5p. aIS 2678 : 1972 a Aluminium Alloys a Standards  aNASA Thesaurus  cBK c5337d5337 00104070aBANbBANcGENd0000-00-00g5.00l0o083.7:669.71-462.3/ ISIp5951r2021-11-05v5.00w0000-00-00yBKGRs. 5.00